(UPDATED) Full VCT Team Names - Statistics

General Stats
  • This quiz has been taken 887 times
    186 since last reset
  • The average score is 34 of 39
Answer Stats
Region Hint Answer % Correct
Americas 100T 100 Thieves
99%
Americas C9 Cloud9
99%
Americas FUR FURIA
98%
Americas LEV Leviatán
97%
Americas SEN Sentinels
97%
EMEA TL Team Liquid
97%
China WOL Wolves Esports
97%
Americas EG Evil Geniuses
96%
EMEA FNC Fnatic
96%
EMEA GX GIANTX
96%
EMEA TH Team Heretics
96%
EMEA APK Apeks
95%
China EDG EDward Gaming
95%
EMEA M8 Gentle Mates
95%
EMEA KC Karmine Corp
95%
China AG All Gamers
93%
Pacific BME BOOM Esports
92%
Americas MIBR Made in Brazil
92%
China TYL TYLOO
92%
Americas 2G 2GAME Esports
91%
China FPX FunPlus Phoenix
91%
Pacific PRX Paper Rex
91%
China TE Trace Esports
91%
EMEA VIT Team Vitality
90%
China BLG Bilibili Gaming
89%
China DRG Dragon Ranger Gaming
89%
Pacific GE Global Esports
87%
Pacific TLN Talon Esports
86%
Pacific TS Team Secret
86%
China XLG Xi Lai Gaming
86%
Pacific ZETA ZETA DIVISION
80%
Pacific DFM DetonatioN FocusMe
77%
Pacific NS Nongshim RedForce
77%
EMEA KOI Movistar KOI
73%
EMEA NAVI Natus Vincere
73%
China TEC Titan Esports Club
70%
Pacific RRQ Rex Regum Qeon
55%
Pacific GEN Generation Gaming
42%
China JDG JD Gaming
40%
No matching quizzes found
Score Distribution
Percent of People with Each Score
Percentile by Number Answered
Your Score History
You have not taken this quiz since the last reset